<?xml version="1.0" encoding="UTF-8"?>
<record
    xmlns:xsi="http://www.w3.org/2001/XMLSchema-instance"
    xsi:schemaLocation="http://www.loc.gov/MARC21/slim http://www.loc.gov/standards/marcxml/schema/MARC21slim.xsd"
    xmlns="http://www.loc.gov/MARC21/slim">

  <leader>01064nam a22002297a 4500</leader>
  <controlfield tag="001">00515</controlfield>
  <controlfield tag="003">DO-SdBNP</controlfield>
  <controlfield tag="005">20160609113821.0</controlfield>
  <controlfield tag="007">00515</controlfield>
  <controlfield tag="008">160609b   mx 2002||||| |||| 00| 0 spa d</controlfield>
  <datafield tag="020" ind1=" " ind2=" ">
    <subfield code="a">9789706860958</subfield>
  </datafield>
  <datafield tag="040" ind1=" " ind2=" ">
    <subfield code="a">BPMSU</subfield>
    <subfield code="b">spa</subfield>
    <subfield code="c">PMSU</subfield>
  </datafield>
  <datafield tag="092" ind1=" " ind2=" ">
    <subfield code="a">xxxxxxxxxx</subfield>
    <subfield code="b">xxxxxxxxx</subfield>
  </datafield>
  <datafield tag="100" ind1="1" ind2=" ">
    <subfield code="a">Gere, James M.</subfield>
  </datafield>
  <datafield tag="245" ind1="1" ind2=" ">
    <subfield code="a">Mec&#xE1;nica de materiales /</subfield>
    <subfield code="c">James M. Gere</subfield>
  </datafield>
  <datafield tag="250" ind1=" " ind2=" ">
    <subfield code="a">5a ed.</subfield>
  </datafield>
  <datafield tag="260" ind1=" " ind2=" ">
    <subfield code="a">M&#xE9;xico :</subfield>
    <subfield code="b">Thomson * Learning,</subfield>
    <subfield code="c">2002.</subfield>
  </datafield>
  <datafield tag="300" ind1=" " ind2=" ">
    <subfield code="a">xviii, 926 p. :</subfield>
    <subfield code="b">il.,</subfield>
    <subfield code="c">26 cm.</subfield>
  </datafield>
  <datafield tag="505" ind1=" " ind2=" ">
    <subfield code="t">Tensi&#xF3;n, comprensi&#xF3;n y cortante --</subfield>
    <subfield code="t">Miembros cargados axialmente --</subfield>
    <subfield code="t">Torsi&#xF3;n --</subfield>
    <subfield code="t">Fuerzas cortantes y momentos flexionantes --</subfield>
    <subfield code="t">Esfuerzos en vigas (tema b&#xE1;sicos) --</subfield>
    <subfield code="t">Esfuerzos en vigas (tema avanzados) --</subfield>
    <subfield code="t">An&#xE1;lisis de esfuerzos y deformaciones unitarias --</subfield>
    <subfield code="t">Aplicaciones del esfuerzo plano (recipientes a presi&#xF3;n, vigas y cargas combinadas) --</subfield>
    <subfield code="t">Deflexiones de vigas --</subfield>
    <subfield code="t">Vigas est&#xE1;ticamente indeterminadas --</subfield>
    <subfield code="t">Columnas --</subfield>
    <subfield code="t">repaso de centroides y momentos de inercia.</subfield>
  </datafield>
  <datafield tag="942" ind1=" " ind2=" ">
    <subfield code="2">ddc</subfield>
    <subfield code="c">BK</subfield>
  </datafield>
  <datafield tag="952" ind1=" " ind2=" ">
    <subfield code="0">0</subfield>
    <subfield code="1">0</subfield>
    <subfield code="2">ddc</subfield>
    <subfield code="4">0</subfield>
    <subfield code="7">0</subfield>
    <subfield code="8">EXT</subfield>
    <subfield code="a">BPMET</subfield>
    <subfield code="b">BPMET</subfield>
    <subfield code="d">2016-06-09</subfield>
    <subfield code="e">Donaci&#xF3;n</subfield>
    <subfield code="l">0</subfield>
    <subfield code="p">BPMSU16060125</subfield>
    <subfield code="r">2016-06-09</subfield>
    <subfield code="w">2016-06-09</subfield>
    <subfield code="y">BK</subfield>
  </datafield>
  <datafield tag="956" ind1=" " ind2=" ">
    <subfield code="a">BTAV&#xC4;REZ</subfield>
    <subfield code="b">10</subfield>
    <subfield code="c">09062106</subfield>
    <subfield code="d">00515</subfield>
  </datafield>
  <datafield tag="999" ind1=" " ind2=" ">
    <subfield code="c">10333</subfield>
    <subfield code="d">10333</subfield>
  </datafield>
</record>
